[Event "Interzonal-16"]
[Site "Biel"]
[Date "1993.??.??"]
[Round "13"]
[White "Topalov, Veselin"]
[Black "Lima, Darcy Gustavo Macha"]
[Result "1/2-1/2"]
[WhiteElo "2650"]
[BlackElo "2475"]
[Annotator "Wedberg,T"]
[PlyCount "119"]
[EventDate "1993.07.16"]
[EventType "swiss"]
[EventRounds "13"]
[EventCountry "SUI"]
[SourceTitle "CBM 037"]
[Source "ChessBase"]
[SourceDate "1993.12.01"]
[SourceVersion "1"]
[SourceVersionDate "1993.12.01"]
[SourceQuality "1"]

1. e4 e5 2. Nf3 Nc6 3. Bb5 Bc5 4. O-O Nd4 5. Nxd4 (5. b4 $5 Bxb4 6. Nxd4 exd4
7. Bb2 Ne7 (7... Qg5 8. Bd3 Bc5 9. c3 d5 10. cxd4 dxe4 11. Bb5+ c6 12. dxc5 Bh3
13. g3 cxb5 14. Re1 Nf6 15. Bxf6 Qxf6 16. Nc3 O-O 17. Nxe4 $16 {Ghinda-Hector/
Budapest 1986}) 8. Bxd4 O-O 9. c3 Ba5 10. Qg4 Ng6 11. Qh5 $14) 5... Bxd4 6. c3
Bb6 7. d4 c6 8. Bc4 $10 (8. Ba4 $1 d6 9. Na3 exd4 (9... Ne7 10. Nc4 exd4 (10...
Bc7 11. dxe5 dxe5 12. Qxd8+ Kxd8 13. Rd1+ $14) 11. Nxb6 Qxb6 12. cxd4 d5 13.
Bg5 f6 14. Bf4 Be6 15. Re1 O-O 16. Bd6 Rfe8 17. e5 $14 {Ravinsky-Chernenkov/
URS 1956}) (9... Nf6 10. Bg5 h6 11. Bxf6 Qxf6 12. d5 Bd7 13. Nc4 Bc7 14. dxc6
bxc6 15. Qd3 O-O 16. Rad1 Rfd8 17. Ne3 g6 18. Rd2 Be8 19. Rfd1 h5 20. Bxc6 Bxc6
21. Qc4 $16 {Villavicencio-Lima/Las Palmas 1989}) 10. cxd4 Ne7 11. d5 $1 O-O
12. dxc6 bxc6 13. Bg5 f6 14. Bf4 Ba6 15. Re1 d5 16. exd5 cxd5 17. Qg4 $16) 8...
d6 9. Qb3 Qc7 $1 10. dxe5 dxe5 11. h3 (11. a4 Nf6 12. a5 Bc5 13. Qc2 O-O 14. b4
Be7 15. Nd2 c5 16. b5 h6 $10 {Hort-Spassky/Reykjavik 1977}) 11... Nf6 12. Nd2
O-O 13. Qc2 Bd7 14. b3 Rfe8 15. Be2 Be6 16. a4 Rad8 17. Nc4 Bxc4 18. Bxc4 Nh5
19. Kh2 Rd6 20. g3 Red8 21. Qe2 Nf6 22. Ra2 h6 23. Kg2 R6d7 24. Qf3 Ne8 25. Re1
a5 26. Ba3 Nf6 27. Rc2 Qb8 28. Bc1 Ne8 29. h4 Qc7 30. Ree2 Nd6 31. Bd3 Bc5 32.
Rcd2 Nc8 33. Bc2 Rxd2 34. Rxd2 Rxd2 35. Bxd2 Qd7 36. Bc1 Nd6 37. Qh5 Qe6 38.
Qe2 Nc8 39. Qd3 Qd6 40. Qxd6 Nxd6 41. f4 f6 42. h5 Kf7 43. Kf3 Ke6 44. Bd2 Ba7
45. Bd3 Bb6 46. Bf1 Bc5 47. Be1 Bg1 48. Bh3+ Ke7 49. fxe5 fxe5 50. Bf5 Bc5 51.
g4 Nf7 52. Bc8 b6 53. Bf5 Ng5+ 54. Ke2 Bg1 55. b4 axb4 56. cxb4 b5 57. axb5 (
57. a5 Kd8 58. Bf2 Bxf2 59. Kxf2 Kc7 $10) 57... cxb5 58. Bc3 Kd6 59. Bg6 Bd4
60. Bd2 1/2-1/2

[Event "Abu Dhabi op 14th"]
[Site "Abu Dhabi"]
[Date "2004.08.22"]
[Round "8"]
[White "Velikhanli, Firuza"]
[Black "Iuldachev, Saidali"]
[Result "0-1"]
[WhiteElo "2322"]
[BlackElo "2550"]
[Annotator "Wedberg,T"]
[PlyCount "90"]
[EventDate "2004.08.14"]
[EventType "swiss"]
[EventRounds "9"]
[EventCountry "UAE"]
[SourceTitle "CBM 103"]
[Source "ChessBase"]
[SourceDate "2004.11.11"]
[SourceVersion "1"]
[SourceVersionDate "2004.11.11"]
[SourceQuality "1"]

1. e4 e5 2. Nf3 Nc6 3. Bb5 Bc5 4. O-O Qf6 {A very old move that still attracts
interest.} 5. c3 Nge7 6. d3 (6. Re1 {see my annotations to the game Belkhodja
- Iuldachev, Dubai Open 2004 for more on this critical move.}) 6... h6 7. Be3
Bb6 8. Nbd2 d6 9. a4 (9. Nc4 Bg4 10. Nxb6 axb6 11. d4 O-O 12. Be2 Ng6 13. h3
Bc8 14. Qd2 Re8 15. d5 Nce7 $11 {1/2-1/2 Hracek,Z-Rogers,I/Pribram 1997/EXT
2001 (43)}) (9. h3 O-O 10. Nh2 Qg6 11. Kh1 f5 $132 {1/2-1/2 Rodriguez Cespedes,
A-Granados Gomez,M/Terrassa 1999/EXT 2001 (22)}) (9. d4 O-O 10. Nc4 Bg4 11. d5
Bxf3 12. Qxf3 Qxf3 13. gxf3 Bxe3 14. fxe3 a6 15. Ba4 b5 16. dxc6 {1/2-1/2
Fedorowicz,J-Baczynskyj,B/Philadelphia 1996/EXT 2001 (16)}) 9... O-O 10. b4 (
10. h3 Qg6 11. Nh4 Qf6 12. Nhf3 Qg6 13. Nh4 Qf6 14. Qh5 Bxe3 15. fxe3 Qg5 16.
Qxg5 hxg5 17. Nf5 g6 18. Nxe7+ Nxe7 19. Bc4 Kg7 $11 {1-0 Herrera,I-Granados
Gomez,M/Benasque 1999/EXT 2001 (55)}) 10... a6 (10... a5 11. Bxb6 cxb6 12. Nc4
axb4 13. Nxb6 Rb8 14. cxb4 Nxb4 15. Qd2 $14 {0-1 Bessenay,M-Makropoulos,G/
Groningen 1972/EXT 2001 (54)}) (10... g5 11. a5 Bxe3 12. fxe3 Qg6 13. Bc4 Be6
14. Bxe6 fxe6 15. Qb3 Rf6 16. b5 Nb8 17. Qc4 $14 {1-0 Sion Castro,M-Arino,F/
Sevilla 1993/TD (27)}) 11. Bxb6 cxb6 {What about this P-formation? Is it OK
for Black?} 12. Bc4 (12. Bxc6 bxc6 13. Nc4 Rb8 $11 {0-1 Smart,L-Rogers,I/
London 1991/TD (25)}) 12... Ng6 13. g3 Kh8 (13... Bh3 14. Re1 Kh8 15. Kh1 Qe7
16. Ng1 Be6 17. Qe2 f5 18. Bxe6 Qxe6 19. Qe3 fxe4 20. dxe4 Qf6 21. Kg2 b5 22.
axb5 axb5 23. Ngf3 Rab8 24. Qd3 $16 {1-0 Hawellek,J-Stridde,P/Bad Zwesten 1997/
EXT 2002 (39)}) 14. Kg2 Qe7 {Black must play f5 to achieve some play or he
might slowly get problems with the weak b6-P.} 15. Ng1 f5 16. f3 Qg5 17. exf5
$6 {Giving away the central control cannot be right.} (17. Kh1 $5 {[%cal Yd1e2]
}) 17... Bxf5 18. Ne4 Qd8 19. Qb3 Nce7 20. Bd5 Qd7 21. Nf2 Rac8 (21... Nxd5 22.
Qxd5 Ne7 23. Qb3 Be6 24. Qc2 Rac8 {was an alternative.}) 22. Be4 d5 23. Bxf5
Nxf5 $17 {Black has solved all his opening problems - White's position is
difficult to play.} 24. Rfe1 d4 $1 {[%cal Yf5e3]} 25. c4 Ne3+ 26. Kh1 Rxf3 $5 {
[%mdl 512] A bold and beautiful strike, but its not clear that it wins.} (26...
Ne7 $17) 27. Nxf3 Qf5 28. Rxe3 (28. Ng1 Qxf2 29. Re2 Qf6 30. b5 e4 $44) 28...
dxe3 29. Kg2 exf2 30. Kxf2 Rf8 31. Qd1 e4 32. dxe4 Qxe4 33. Ra3 Ne5 34. h3 Nxc4
(34... Qxc4) 35. Rc3 b5 36. axb5 axb5 37. Qd3 Qe7 38. Rb3 Ne5 39. Qe4 Qf7 40.
Re3 Qa2+ 41. Kg1 Qa1+ 42. Kf2 Nxf3 43. Rxf3 Qb2+ 44. Kg1 Rxf3 45. Qxf3 Qxb4 0-1

[Event "Corus-B"]
[Site "Wijk aan Zee"]
[Date "2003.01.14"]
[Round "3"]
[White "Nijboer, Friso"]
[Black "Hector, Jonny"]
[Result "1-0"]
[WhiteElo "2553"]
[BlackElo "2570"]
[Annotator "Wedberg,T"]
[PlyCount "55"]
[EventDate "2003.01.14"]
[EventType "tourn"]
[EventRounds "13"]
[EventCountry "NED"]
[EventCategory "13"]
[SourceTitle "CBM 093"]
[Source "ChessBase"]
[SourceDate "2003.04.01"]
[SourceVersion "1"]
[SourceVersionDate "2003.04.01"]
[SourceQuality "1"]

1. e4 e5 2. Nf3 Nc6 3. Bb5 Bc5 4. c3 Bb6 (4... f5 {The true Cordel variation
is not in vougue right now. White has too many ways to achieve an advantage
without taking any risk.} 5. d4 fxe4 6. Bxc6 dxc6 7. Nxe5 Bd6 8. Qh5+ g6 9. Qe2
Qh4 10. Nd2 Bf5 11. g4 Be6 12. Nxe4 Bxe5 13. h3 $1 {is one of them.}) 5. d4
exd4 6. cxd4 Nce7 {One of Hectors pet lines. Maybe he will reconsider that
affection after this game.} 7. d5 Nf6 (7... c6 8. Ba4 d6 9. Nc3 Nf6 10. Bg5 $16
{1/2-1/2 Moberg,K-Hector,J/Gothenborg 1997/CBM 57/[Tisdall] (18)}) 8. Nc3 a6 (
8... O-O 9. O-O Ba5 10. Bd3 (10. d6 $1) 10... d6 11. h3 c6 12. dxc6 bxc6 13.
Qc2 Ng6 $13 {0-1 Kristiansen,J-Hector,J/Copenhagen 1991/TD (44)}) 9. Ba4 O-O
10. d6 $1 $16 {[%mdl 12] A well-known theme from several 1.e4 e5 openings. The
double d-P makes Black´s game unattractive and difficult.} (10. O-O d6 11. Nd4
Ng6 12. f3 Nh5 13. Be3 Ne5 14. Bb3 c5 $132 {1/2-1/2 Ernst,T-Hector,J/Oerebro
1990/EXT 2001 (59). (59)}) 10... cxd6 11. Bg5 Ng4 12. O-O f6 13. Bf4 Ne5 14.
Rc1 $5 {White is not going to take the d6-P right now since it prevents
Black´s development.} ({Still} 14. Qxd6 {also looks pretty good.}) 14... Bc7
15. Nd5 N7c6 (15... Nxf3+ 16. Qxf3 Nxd5 17. Bb3 Kh8 18. Bxd5 $18) (15... Nxd5
16. Bb3 $16) 16. Nxc7 Qxc7 17. Nd4 {Black´s game already looks to be beyond
repair. Weaknesses that cant be covered and a lack of development makes this a
nightmare to play.} g6 18. Bh6 Re8 19. Bb3+ Nf7 (19... Kh8 $142) 20. Nf5 $1 {
Nijboer goes for the kill.} Re6 (20... gxf5 21. exf5 Kh8 22. Qh5 Qd8 23. Qxf7
Rg8 24. Rxc6 dxc6 25. Re1 $18 {[%cal Ye1e7]}) 21. Bf4 (21. Qg4 $18) 21... gxf5
22. exf5 Kf8 (22... Re7 23. Qh5 $40 {[%cal Yc1c3,Yc3g3,Yg3h3]}) 23. fxe6 dxe6
24. Qh5 Nfe5 25. Rfd1 d5 26. Bxe5 fxe5 27. Rc3 Ke7 28. Bxd5 $1 (28. Bxd5 exd5
29. Qxh7+ Kd6 (29... Kd8 30. Rxd5+ Bd7 31. Qg8+ Ke7 32. Qxa8 $18) 30. Rxd5+ $18
) 1-0